000 00385nam a2200157Ia 4500
008 210210b1951 xxu||||| |||| 00| 0 eng d
041 _aeng
082 _a519/100
100 _aSTEINHANS (H)
245 _aMathematical sanapshots
260 _aLondon
_bOxford University Press
_c1951
650 _asanapshots
650 _aMathematical
690 _aMathematics
906 _a007961
999 _c140819
_d140819